MDQL
is popping MORE tags! Check the
thread
!
Quizzes
Events
Quiz Creation
Community
Videos
Private Events
Remove Ads
Sign In
Join for FREE
Feedback
Dark Mode
Quiz Categories
Sports
Geography
Music
Movies
Television
Just For Fun
Miscellaneous
History
Literature
Language
Science
Gaming
Entertainment
Religion
Holiday
For Kids
Quiz Lab
Recent
Popular Today
Quiz Kudos Today
Editor Picks
Curator Picks
Quizzes by...
Day
Popularity
Type
Ratings
Length
Year
Community
Subscriptions
Recent Discussions
Orange Saloon
Badges
Playlists
Quests
Create
Leaderboards
Showdown
Live 5
Trivia Bingo
Activity
Puzzle Library
Sporcle Events
Private Events
Virtual Trivia
Globe League
Become a Host
Pub Owners
SporcleCon
Opinionation
Our Games
Videos
Blog
Mobile Apps
Partnerships
Remove Ads and Go Orange
Feedback
Sports
Athletes
MLB
NBA
NHL
NFL
Soccer
Sports Teams
WWE
NCAA
Football
Premier League
Basketball
Baseball
Hockey
Golf
Tennis
Cricket
Rugby
Auto Racing
Olympics
World Cup
Sports
Athletes
MLB
NBA
NHL
NFL
Soccer
Sports Teams
WWE
NCAA
Football
Premier League
Basketball
Baseball
Hockey
Golf
Tennis
Cricket
Rugby
Auto Racing
Olympics
World Cup
Random Quiz
Search Sporcle
×
Quiz Lab
Quiz Lab
Sports
Cycling Team
Type in answers that appear in a list
Type in answers that appear in a list
Classic
Best Score? Go Orange.
Team Sky Grand Tour Stage Wins Stats
Can you name the Team Sky/Ineos/Ineos Grenadiers Grand Tour Stage Wins?
By
paulmdavies
4m
56 Questions
375 Plays
375 Plays
375 Plays
Comments
Comments
Give Quiz Kudos
Give Quiz Kudos
-
- Ratings
hide this ad
More Info
Replay
Link that replays current quiz
Next Quiz
Link to next quiz in quiz playlist
You Got
0%
They Got
Avg Score
60%
Avg Friend Score
Upgrade to see
Score Distribution
Jump to the score distribution portion of the page
Score
0/56
Timer
04:00
0
Plays Today
Stage
Answer
% Correct
2023 Tour de France, Stage 13
Michał Kwiatkowski
100%
2023 Vuelta a Espana, Stage 10
Filippo Ganna
100%
2016 Tour de France, Stage 8
Chris Froome
99.7%
2016 Tour de France, Stage 18
Chris Froome
99.7%
2016 Vuelta a Espana, Stage 1 (TTT)
Team Sky
99.7%
2016 Vuelta a Espana, Stage 11
Chris Froome
99.7%
2016 Vuelta a Espana, Stage 19 (ITT)
Chris Froome
99.7%
2017 Vuelta a Espana, Stage 16 (ITT)
Chris Froome
99.7%
2017 Vuelta a Espana, Stage 9
Chris Froome
99.7%
2018 Giro d'Italia, Stage 14
Chris Froome
99.6%
2018 Giro d'Italia, Stage 19
Chris Froome
99.6%
2011 Vuelta a Espana, Stage 17
Chris Froome
99.5%
2012 Tour de France, Stage 7
Chris Froome
99.5%
2013 Tour de France, Stage 8
Chris Froome
99.5%
2013 Tour de France, Stage 15
Chris Froome
99.5%
2013 Tour de France, Stage 17
Chris Froome
99.5%
2015 Tour de France, Stage 10
Chris Froome
99.5%
2013 Giro d'Italia, Stage 2 (TTT)
Team Sky
99.2%
2018 Tour de France, Stage 11
Geraint Thomas
99.2%
2018 Tour de France, Stage 12
Geraint Thomas
99.2%
2017 Tour de France, Stage 1 (ITT)
Geraint Thomas
99%
2010 Giro d'Italia, Stage 1
Bradley Wiggins
98.1%
2012 Tour de France, Stage 9 (ITT)
Bradley Wiggins
98.1%
2012 Tour de France, Stage 19 (ITT)
Bradley Wiggins
98.1%
2020 Giro d'Italia, Stage 1 (ITT)
Filippo Ganna
97.5%
2020 Giro d'Italia, Stage 5
Filippo Ganna
97.5%
2020 Giro d'Italia, Stage 14 (ITT)
Filippo Ganna
97.3%
2020 Giro d'Italia, Stage 21 (ITT)
Filippo Ganna
97.2%
Stage
Answer
% Correct
2021 Giro d'Italia, Stage 1 (ITT)
Filippo Ganna
96.3%
2021 Giro d'Italia, Stage 21 (ITT)
Filippo Ganna
96.1%
2021 Giro d'Italia, Stage 9
Egan Bernal
92.4%
2021 Giro d'Italia, Stage 16
Egan Bernal
92.3%
2023 Tour de France, Stage 13
Carlos Rodriguez
92.3%
2012 Giro d'Italia, Stage 2
Mark Cavendish
91.7%
2012 Giro d'Italia, Stage 5
Mark Cavendish
91.7%
2012 Giro d'Italia, Stage 13
Mark Cavendish
91.7%
2012 Tour de France, Stage 2
Mark Cavendish
91.7%
2012 Tour de France, Stage 20
Mark Cavendish
91.7%
2012 Tour de France, Stage 18
Mark Cavendish
91.7%
2022 Vuelta a Espana, Stage 14
Richard Carapaz
87.5%
2022 Vuelta a Espana, Stage 12
Richard Carapaz
87.1%
2020 Tour de France, Stage 18
Michał Kwiatkowski
86.4%
2017 Giro d'Italia, Stage 19
Mikel Landa
79.7%
2022 Tour de France, Stage 12
Tom Pidcock
78.4%
2020 Giro d'Italia, Stage 15
Tao Geoghegan Hart
74.1%
2020 Giro d'Italia, Stage 20
Tao Geoghegan Hart
73.1%
2016 Giro d'Italia, Stage 13
Mikel Nieve
71.2%
2011 Tour de France, Stage 6
Edvald Boasson Hagen
68.1%
2011 Tour de France, Stage 17
Edvald Boasson Hagen
68.1%
2020 Giro d'Italia, Stage 12
Jhonatan Narváez
63.4%
2015 Giro d'Italia, Stage 2
Elia Viviani
62.5%
2013 Vuelta a Espana, Stage 18
Vasil Kiryienka
61.7%
2015 Giro d'Italia, Stage 14 (ITT)
Vasil Kiryienka
61.7%
2013 Giro d'Italia, Stage 10
Rigoberto Urán
58.2%
2011 Vuelta a Espana, Stage 2
Chris Sutton
39.7%
2015 Vuelta a Espana, Stage 18
Nicolas Roche
38.9%
Quiz Playlist
Details
Report
Send in Message
Add To Playlist
More Info:
Individual time trials are marked ITT, and team time trials are marked TTT. Naming any rider who participated in a team time trial is sufficient.
Classic:
Type in answers that appear in a list
Quiz Source
Last Updated: Sep 3, 2022
Quiz Scoreboard
CHALLENGE
Sign Up to Join the Scoreboard
Show All
Scores
Hide
Comments
May contain spoilers
Recently Published
Two Season TV Shows II
by 123Four
Television
10m
Image Sorting: Flags VI
by Barbecue
Geography
2m
Find the 'City' Movie
by crazypaving
Movies
60s
More to Explore
Quiz From the Vault
Featured Blog Post
14 Easter Pick-up Lines to Find Eggs With
hide this ad
You Might Also Like...
Tags
Cycling Team
Today's Top Quizzes in Sports
Browse Sports
hide this ad
Today's Top Quizzes in Cycling Team
Browse Cycling Team
Top Contributed Quizzes in Sports
1
Les meilleurs buteurs des matchs entre le PSG et l’OM
2
Les entraîneurs de l'OM et du PSG au 21e siècle
3
2022 World Cup Stars
4
Les joueurs passés par le PSG et l'OM
5
Players with Multiple 50 Home Run Seasons
6
FIFA Club World Cup Champions
7
Criteria MLB: Left Handed Sluggers
8
Les joueurs passés par le LOSC et le RC Lens
9
Top 10 NHL Goal Scorers of All Time
10
MLB Players with Two .350 Batting Average Seasons
Explore More
Trending Topics
NBA
Disney
Marvel
Harry Potter
Anime
Crossword
Kpop
Country
Puzzle
Pokémon
Song
NFL
The Office
Soccer
WWE
hide this ad
More By:
paulmdavies
Quiz
Plays
Rating
Category
Featured
Created
England 50+ Caps and played since 2000
382
5.00
Sports
Apr 2, 2016
Team Sky Grand Tour Stage Wins
375
5.00
Sports
Mar 22, 2016
Go to Creator's Profile
Score Distribution
Quiz Creator Spotlight
paulmdavies
Follow
Send a Message
Quizzes Created
-
Created Quiz Play Count
-
More By This Creator
Popular Quizzes Today
1
Find the US States - No Outlines Minefield
2
Colored Red Africa Blitz
3
Find the 'City' Movie
4
5x2 Blitz: Bands
5
The Countries of the World
6
Find the Countries of Europe - No Outlines Minefield
7
Find the US States
8
US States
More Sports Quizzes
Premier League Winning Manager Match-Up
Quiz Lab
Trending Quizzes
Colored Red Europe Blitz I
Colored Red Africa Blitz II
Colored Red Europe Blitz II
Colored Red Europe Blitz III
Colored Red Africa Blitz III
Recently Updated
How Do You Spell That?
pecheneg
Godzilla Movies
pecheneg
Grab Bag: 4-10 Letters
pecheneg
2024 March Madness Bracket
pecheneg
Famous TV Couples
Peacemaker
Champions League XIs: Real Madrid
pecheneg
Largest US Cities 1790-2010
pecheneg
Rides in Walt Disney World
pecheneg
Most Oscar Losses (Acting)
pecheneg
Beyoncé Albums
pecheneg
Trending Topics
Anime
Kpop
Crossword
Harry Potter
Marvel
NBA
Disney
NFL
Puzzle
Soccer
The Office
WWE
Pokémon
Song
Country
Your Account Isn't Verified!
In order to create a playlist on Sporcle, you need to verify the email address you used during registration. Go to your
Sporcle Settings
to finish the process.
Report this User
Report this user for behavior that violates our
Community Guidelines
.
Details:
Send Report
Go to the Sporcle.com Mobile Site →
Comments